[Event "SR 3. liga A2 2017/2018"]
[Site "?"]
[Date "2018.02.18"]
[Round "9.4"]
[White "Gajarsky, Julius"]
[Black "Gajarsky, Roman"]
[Result "0-1"]
[WhiteElo "1710"]
[BlackElo "1803"]
[PlyCount "70"]
[EventDate "2017.??.??"]

1. d4 d5 2. c4 c6 3. Nc3 e6 4. Nf3 Bd6 5. Bg5 f6 6. Bh4 Nh6 7. c5 Be7 8. e3 O-O
9. Bd3 Nd7 10. Qc2 f5 11. Bg3 Nf6 12. O-O Bd7 13. Ne5 Be8 14. f4 Nfg4 15. Qd2
Nxe5 16. fxe5 g5 17. b4 Qc7 18. a4 b6 19. Rfb1 Bd7 20. Qe2 bxc5 21. bxc5 Rfb8
22. h3 Rxb1+ 23. Rxb1 Rb8 24. Qc2 Bc8 25. Bf2 g4 26. Kh1 Rxb1+ 27. Qxb1 Qb7 28.
Qc2 Bd7 29. Be2 gxh3 30. gxh3 Be8 31. Bg3 Bg6 32. Bf4 Nf7 33. Kh2 Qb4 34. Kg3
Ng5 35. Bxg5 f4+ 0-1

[Event "SR 3. liga A2 2017/2018"]
[Site "?"]
[Date "2018.02.18"]
[Round "9.4"]
[White "Janas, Peter"]
[Black "Skreko, Igor"]
[Result "0-1"]
[WhiteElo "1784"]
[BlackElo "1475"]
[PlyCount "130"]
[EventDate "2017.??.??"]

1. d4 d5 2. c4 c6 3. Nc3 Nf6 4. Nf3 h6 5. e3 e6 6. Qc2 Be7 7. g4 Nbd7 8. h4
Nxg4 9. Rg1 h5 10. Be2 Bxh4 11. Nxh4 Qxh4 12. Bxg4 hxg4 13. Ne2 Nf6 14. Ng3 Qh7
15. Qe2 Bd7 16. Rh1 Qg8 17. Bd2 Rxh1+ 18. Nxh1 Ne4 19. Qxg4 Nxd2 20. Kxd2 O-O-O
21. b3 e5 22. Qg3 exd4 23. cxd5 dxe3+ 24. Qxe3 Kb8 25. Qf4+ Ka8 26. d6 Qf8 27.
Kc3 Be6 28. Rd1 Bd5 29. Ng3 Qxd6 30. Qxd6 Rxd6 31. Nf5 Rf6 32. Ne3 Rxf2 33.
Nxd5 cxd5 34. Rxd5 a6 35. a4 Kb8 36. Rd7 Kc8 37. Re7 g5 38. Re8+ Kd7 39. Re1
Rf5 40. Kd4 f6 41. Re2 Re5 42. Rc2 g4 43. Rg2 Rg5 44. Ke4 g3 45. Kf4 Kd6 46.
Kf3 b6 47. Rd2+ Kc5 48. Kg2 f5 49. Rd3 b5 50. axb5 axb5 51. Rf3 Kd4 52. Rf4+
Kc5 53. Rf3 Kb4 54. Rd3 f4 55. Rf3 Rf5 56. Kg1 Kc5 57. Kf1 Kd4 58. Kg2 Ke4 59.
Rf1 Rh5 60. Re1+ Kf5 61. Re8 Rh2+ 62. Kg1 f3 63. Rf8+ Ke4 64. Re8+ Kd5 65. Re3
f2+ 0-1

[Event "SR 3. liga A2 2017/2018"]
[Site "?"]
[Date "2018.02.18"]
[Round "9.4"]
[White "Vagovic, Milan"]
[Black "Tupy, Bystrik"]
[Result "1/2-1/2"]
[WhiteElo "1662"]
[BlackElo "1689"]
[PlyCount "102"]
[EventDate "2017.??.??"]

1. d4 d5 2. Nf3 Nc6 3. c4 Bg4 4. e3 Nf6 5. Be2 e6 6. O-O Bxf3 7. Bxf3 dxc4 8.
Bxc6+ bxc6 9. Qa4 Qd6 10. Qxc4 Ng4 11. g3 h5 12. b3 h4 13. Ba3 Qd7 14. Bxf8
Kxf8 15. Qc5+ Kg8 16. Qg5 f5 17. f3 hxg3 18. hxg3 Nf6 19. Nc3 Rh5 20. Qg6 Rh6
21. Qg5 Kf7 22. Kg2 c5 23. Qf4 cxd4 24. Qxd4 Qc6 25. Qc4 Qb6 26. e4 Rah8 27.
Rh1 Rxh1 28. Rxh1 Rxh1 29. Kxh1 fxe4 30. Nxe4 Nd5 31. Qc5 Qa6 32. Qf2 Qd3 33.
Kh2 a5 34. Kg2 Ne3+ 35. Kh3 c5 36. g4 Qd4 37. Qg3 Nd5 38. g5 e5 39. Qf2 Nc3 40.
Qh4 Nxe4 41. Qxe4 Qxe4 42. fxe4 Ke6 43. Kg4 g6 44. Kf3 Kd6 45. Ke3 c4 46. bxc4
Kc5 47. Kd3 Kb4 48. a3+ Kc5 49. a4 Kb4 50. c5 Kxc5 51. Kc3 Kb6 1/2-1/2

[Event "SR 3. liga A2 2017/2018"]
[Site "?"]
[Date "2018.02.18"]
[Round "9.4"]
[White "Jancicka, Viliam"]
[Black "Dobis, Pavol"]
[Result "1/2-1/2"]
[WhiteElo "1654"]
[BlackElo "1584"]
[PlyCount "48"]
[EventDate "2017.??.??"]

1. Nf3 d5 2. d4 e6 3. Bf4 c5 4. e3 Nc6 5. Nc3 cxd4 6. exd4 a6 7. a3 Nf6 8. Bd3
Bd6 9. Ne2 Bxf4 10. Nxf4 Qb6 11. Rb1 O-O 12. O-O g6 13. c3 Qc7 14. Qd2 Bd7 15.
Rfe1 Na7 16. Ne5 Bb5 17. f3 Bxd3 18. Qxd3 Nc6 19. Qe3 Nxe5 20. dxe5 Nd7 21. Nd3
Kg7 22. f4 Rac8 23. h4 Qb6 24. Qxb6 Nxb6 1/2-1/2

[Event "SR 3. liga A2 2017/2018"]
[Site "?"]
[Date "2018.02.18"]
[Round "9.4"]
[White "Skreko, Igor"]
[Black "Cerny, Patrik"]
[Result "1-0"]
[WhiteElo "1509"]
[BlackElo "1529"]
[PlyCount "87"]
[EventDate "2017.??.??"]

1. e4 c5 2. Nf3 d6 3. d4 cxd4 4. Nxd4 Nf6 5. Nc3 g6 6. Be3 Bg7 7. f3 O-O 8. Qd2
Nc6 9. O-O-O Bd7 10. Be2 Rc8 11. Kb1 Ne5 12. g4 Nc4 13. Bxc4 Rxc4 14. h4 h5 15.
gxh5 Nxh5 16. Nb3 a5 17. Bh6 a4 18. Bxg7 Kxg7 19. Nd4 b5 20. Rdg1 b4 21. Nd5 e6
22. Nxb4 Qa5 23. a3 Qe5 24. c3 d5 25. exd5 exd5 26. Rg5 Qf4 27. Qxf4 Nxf4 28.
Nxd5 f6 29. Nb6 Rxd4 30. cxd4 fxg5 31. Nxd7 Rd8 32. Nc5 Rxd4 33. hxg5 Rc4 34.
Rh4 Rxc5 35. Rxf4 Rxg5 36. Rxa4 Rf5 37. f4 Kh6 38. Rd4 Kh5 39. b4 Kg4 40. a4
Rxf4 41. Rxf4+ Kxf4 42. a5 g5 43. a6 g4 44. a7 1-0

[Event "SR 3. liga A2 2017/2018"]
[Site "?"]
[Date "2018.02.18"]
[Round "9.5"]
[White "Bukovsky, Milan"]
[Black "Takacs, Laszlo"]
[Result "1/2-1/2"]
[WhiteElo "1918"]
[BlackElo "2231"]
[PlyCount "115"]
[EventDate "2017.??.??"]

1. d4 Nf6 2. c4 g6 3. Nc3 d5 4. Bf4 Bg7 5. e3 c6 6. Nf3 O-O 7. Bd3 Nbd7 8. O-O
Re8 9. Qb3 Nb6 10. cxd5 Nbxd5 11. Be5 Qb6 12. Nxd5 Nxd5 13. Bc4 Qxb3 14. Bxb3
Bg4 15. Bxg7 Kxg7 16. Ne5 Be6 17. Rac1 Nc7 18. Bxe6 Nxe6 19. Rfd1 Red8 20. Kf1
Rd5 21. Nd3 Rad8 22. Ke2 Kf6 23. b4 a5 24. a3 Ra8 25. Nc5 Nd8 26. e4 Rh5 27. h3
axb4 28. axb4 b6 29. Nd7+ Kg7 30. Ne5 Ra4 31. Nd3 Rg5 32. g3 Rb5 33. Ra1 Rxa1
34. Rxa1 Ne6 35. Ke3 f5 36. f3 fxe4 37. fxe4 Rg5 38. g4 h5 39. Ne5 c5 40. bxc5
bxc5 41. Nf3 cxd4+ 42. Kd3 Rb5 43. Nxd4 Nxd4 44. Kxd4 hxg4 45. hxg4 Kf6 46.
Ra6+ Kf7 47. Ra1 Rg5 48. Rg1 Ke6 49. Rg2 Ra5 50. Rb2 Kf6 51. Rb6+ Kf7 52. Ke3
Ra1 53. Kf4 Rd1 54. Kg5 Re1 55. Rxg6 Rxe4 56. Ra6 Kg7 57. Kf5 Re1 58. Re6
1/2-1/2

[Event "SR 3. liga A2 2017/2018"]
[Site "?"]
[Date "2018.02.18"]
[Round "9.5"]
[White "Cibulka, Vladimir"]
[Black "Mosny, Jaroslav"]
[Result "1-0"]
[WhiteElo "2152"]
[BlackElo "1910"]
[PlyCount "75"]
[EventDate "2017.??.??"]

1. d4 Nf6 2. Nf3 d5 3. Bg5 e6 4. e3 Be7 5. Nbd2 O-O 6. Bd3 h6 7. Bh4 b6 8. Ne5
Bb7 9. O-O c5 10. c3 Nbd7 11. f4 Ne4 12. Bxe7 Qxe7 13. Ndf3 a5 14. Nxd7 Qxd7
15. Ne5 Qe8 16. Qe2 Bc6 17. Rad1 f6 18. Nxc6 Qxc6 19. Bxe4 dxe4 20. Qc4 f5 21.
dxc5 bxc5 22. Rd2 Rfd8 23. Rfd1 Rxd2 24. Rxd2 Kf7 25. b4 axb4 26. cxb4 Rb8 27.
bxc5 Rc8 28. Rc2 Ra8 29. Qb3 Rd8 30. Kf2 Rd3 31. Qc4 g5 32. g3 g4 33. Ke2 Rd8
34. Rb2 Qd7 35. Qb3 Rc8 36. Rd2 Qc6 37. Rd6 Qxc5 38. Qxe6+ 1-0

[Event "SR 3. liga A2 2017/2018"]
[Site "?"]
[Date "2018.02.18"]
[Round "9.5"]
[White "Doucha, Ludvig"]
[Black "Blaho, Stefan"]
[Result "0-1"]
[WhiteElo "1874"]
[BlackElo "2030"]
[PlyCount "118"]
[EventDate "2017.??.??"]

1. Nf3 d5 2. d4 Nf6 3. e3 Bf5 4. c4 e6 5. Nc3 c6 6. Be2 Nbd7 7. O-O Bd6 8. b3
O-O 9. Bb2 h6 10. c5 Bc7 11. b4 e5 12. dxe5 Nxe5 13. Nd4 Bd7 14. Rc1 Ne4 15. f4
Nxc3 16. Rxc3 Ng6 17. g3 Re8 18. Bf3 Nf8 19. Re1 a5 20. a3 axb4 21. axb4 Ra2
22. Rb3 Qa8 23. Qc1 Bd8 24. Ra3 Rxa3 25. Bxa3 Bf6 26. Bb2 Qc8 27. e4 dxe4 28.
Bxe4 Re7 29. Bc2 Rxe1+ 30. Qxe1 Ne6 31. Qe4 g6 32. Nxe6 Bxb2 33. Nd4 Qe8 34.
Nf3 Qxe4 35. Bxe4 f5 36. Bd3 Ba3 37. Ne5 Be8 38. Bc4+ Kg7 39. Nd3 Bf7 40. Bxf7
Kxf7 41. h4 Ke6 42. Kf2 Kd5 43. Ke3 h5 44. Ke2 Ke4 45. Nf2+ Kd4 46. Nd3 Kc3 47.
Ne5 Bxb4 48. Nxg6 Bxc5 49. g4 fxg4 50. f5 Bd4 51. Nf4 Bf6 52. Nxh5 Bxh4 53. f6
b5 54. f7 Be7 55. Nf6 g3 56. Ne4+ Kc2 57. Nxg3 b4 58. Nf5 Bf8 59. Nd4+ Kc3 0-1

[Event "SR 3. liga A2 2017/2018"]
[Site "?"]
[Date "2018.02.18"]
[Round "9.5"]
[White "Matis, Tibor"]
[Black "Bahna, Jan"]
[Result "1-0"]
[WhiteElo "1877"]
[BlackElo "1843"]
[PlyCount "39"]
[EventDate "2017.??.??"]

1. e4 e5 2. Nf3 Nc6 3. Bc4 Bc5 4. b4 Bxb4 5. c3 Be7 6. d4 d6 7. Qb3 Kf8 8. Bxf7
exd4 9. cxd4 Na5 10. Qa4 c6 11. Bxg8 b5 12. Qc2 Rxg8 13. O-O Nc4 14. Nbd2 Nxd2
15. Bxd2 Bd7 16. e5 h6 17. Rfe1 Qc8 18. exd6 Bxd6 19. Qg6 Be7 20. Rxe7 1-0

[Event "SR 3. liga A2 2017/2018"]
[Site "?"]
[Date "2018.02.18"]
[Round "9.5"]
[White "Krist, Milan"]
[Black "Bugar, Peter"]
[Result "0-1"]
[WhiteElo "1821"]
[BlackElo "1925"]
[PlyCount "104"]
[EventDate "2017.??.??"]

1. d4 Nf6 2. c4 c5 3. d5 e6 4. Nc3 exd5 5. Nxd5 Nxd5 6. cxd5 d6 7. Nf3 Nd7 8.
e3 g6 9. Bd3 Bg7 10. O-O O-O 11. Rb1 a6 12. b3 b5 13. Bb2 Nf6 14. e4 Re8 15.
Nd2 Bd7 16. Re1 a5 17. h3 a4 18. Qf3 axb3 19. axb3 Ra2 20. Qd1 Rxb2 21. Rxb2
Nxd5 22. exd5 Bxb2 23. Rxe8+ Qxe8 24. Qe2 Qxe2 25. Bxe2 f5 26. Kf1 Kf7 27. f4
Kf6 28. g3 g5 29. Nf3 gxf4 30. Kf2 fxg3+ 31. Kxg3 Be5+ 32. Kg2 Be8 33. Bd3 Bf4
34. Bf1 Be3 35. Bd3 h6 36. Be2 f4 37. Bd3 b4 38. Nh2 h5 39. Nf3 Bg6 40. Ne1 Bd2
41. Bxg6 Kxg6 42. Nd3 Kg5 43. Nb2 Bc3 44. Nc4 Be5 45. Kf3 Kf5 46. Nd2 Bf6 47.
Nc4 Be7 48. Nb2 Ke5 49. Nc4+ Kxd5 50. Kxf4 Kd4 51. Na5 Kc3 52. Ke4 Bd8 0-1

[Event "SR 3. liga A2 2017/2018"]
[Site "?"]
[Date "2018.02.18"]
[Round "9.5"]
[White "Mezes, Kristof"]
[Black "Babirat, Michal"]
[Result "1/2-1/2"]
[WhiteElo "1561"]
[BlackElo "1867"]
[PlyCount "68"]
[EventDate "2017.??.??"]

1. d4 Nf6 2. c4 e6 3. Nc3 Bb4 4. Bg5 d5 5. Nf3 b6 6. a3 Bxc3+ 7. bxc3 O-O 8. e3
dxc4 9. Bxc4 h6 10. Bh4 Bb7 11. O-O Nbd7 12. Qe2 Qc8 13. Bd3 c5 14. Rfc1 Ne4
15. Nd2 Nxd2 16. Qxd2 Qc6 17. f3 e5 18. Qf2 Qe6 19. Re1 Qb3 20. Bf5 Bc6 21. d5
Ba4 22. Qd2 Qb5 23. Rab1 Qa6 24. Be7 Rfe8 25. d6 Qb7 26. Qa2 Rec8 27. Bg6 c4
28. Rb4 b5 29. Reb1 Qd5 30. Be4 Qc5 31. Qe2 Rab8 32. Bf5 Qc6 33. Be4 Qc5 34.
Bf5 Qc6 1/2-1/2

[Event "SR 3. liga A2 2017/2018"]
[Site "?"]
[Date "2018.02.18"]
[Round "9.5"]
[White "Holicky, Miroslav"]
[Black "Matis, Tibor"]
[Result "1-0"]
[WhiteElo "1764"]
[BlackElo "1631"]
[PlyCount "57"]
[EventDate "2017.??.??"]

1. e4 e5 2. Nf3 d6 3. c3 Nf6 4. Be2 Nxe4 5. Qa4+ Bd7 6. Qxe4 Bc6 7. Qc2 Be7 8.
d3 Nd7 9. Nbd2 O-O 10. b4 b5 11. Nb3 Nb6 12. O-O Bf6 13. Bb2 Re8 14. Nfd2 Bg5
15. Bf3 Bxf3 16. Nxf3 Re6 17. c4 bxc4 18. dxc4 Rg6 19. Rad1 Qf6 20. Qe4 Rc8 21.
Bc1 Bxc1 22. Nxc1 Qe6 23. c5 f5 24. Qc2 Nd5 25. Qb3 c6 26. Rfe1 Rxg2+ 27. Kxg2
Nf4+ 28. Kh1 d5 29. Nxe5 1-0

[Event "SR 3. liga A2 2017/2018"]
[Site "?"]
[Date "2018.02.18"]
[Round "9.5"]
[White "Kiss, Balazs"]
[Black "Suchan, Jozef"]
[Result "0-1"]
[WhiteElo "1458"]
[BlackElo "1738"]
[PlyCount "88"]
[EventDate "2017.??.??"]

1. e4 e5 2. Nf3 Nc6 3. Nc3 Nf6 4. a3 d6 5. Be2 Be7 6. d3 O-O 7. Be3 d5 8. exd5
Nxd5 9. Nxd5 Qxd5 10. c4 Qe6 11. h3 Rd8 12. Nd2 Qg6 13. Bf3 Qxd3 14. Be4 Qd6
15. Qf3 Nd4 16. Bxd4 Qxd4 17. O-O-O c6 18. Nb3 Qxc4+ 19. Kb1 Be6 20. Nc1 Rd4
21. Rxd4 exd4 22. Qh5 g6 23. Qe5 Bf8 24. Qc7 Qb5 25. Rd1 Bxa3 26. Rd2 Rc8 27.
Qg3 Bc5 28. Bc2 Rd8 29. Qg5 Qb6 30. Rd3 Bf5 31. Rb3 Bxc2+ 32. Kxc2 Qa5 33. Nd3
Bb6 34. Qe7 Qd5 35. Rb4 c5 36. Ra4 c4 37. Nf4 Qf5+ 38. Kd1 Qxf4 39. Qe2 d3 40.
Qe7 Qxf2 41. Rxc4 Qxg2 42. Rf4 Qe2+ 43. Kc1 d2+ 44. Kc2 d1=Q+ 0-1

[Event "SR 3. liga A2 2017/2018"]
[Site "?"]
[Date "2018.02.18"]
[Round "9.6"]
[White "Pericka, Tomas"]
[Black "Danada, Ondrej"]
[Result "1-0"]
[WhiteElo "2012"]
[BlackElo "1858"]
[PlyCount "91"]
[EventDate "2017.??.??"]

1. e4 c6 2. d4 d5 3. e5 c5 4. dxc5 Nc6 5. f4 e6 6. Be3 d4 7. Bf2 Bxc5 8. Nf3
Nge7 9. Bd3 Nd5 10. O-O Nxf4 11. Nbd2 Nxd3 12. cxd3 O-O 13. Bh4 Qc7 14. Rc1 b6
15. Ne4 Nxe5 16. b4 Ba6 17. Nxe5 Qxe5 18. bxc5 f5 19. Bg3 Qd5 20. Nd6 bxc5 21.
Nc4 g5 22. Qh5 f4 23. Be1 Qf5 24. Qe2 Bxc4 25. Rxc4 Rab8 26. Ba5 Rb5 27. Bc7
Rc8 28. Be5 Rc6 29. Bxd4 Ra6 30. Ba1 Rba5 31. Qb2 e5 32. Qb8+ Kf7 33. Bxe5 Qxd3
34. Rcxf4+ gxf4 35. Rxf4+ Ke6 36. Qe8+ Kd5 37. Bc7 Qd1+ 38. Rf1 Qd4+ 39. Kh1
Rxa2 40. Qf7+ Kc6 41. Qe6+ Kb5 42. Qb3+ Qb4 43. Qd3+ Ka4 44. Qxa6+ Kb3 45. Rf3+
Kb2 46. Qe2+ 1-0

[Event "SR 3. liga A2 2017/2018"]
[Site "?"]
[Date "2018.02.18"]
[Round "9.6"]
[White "Ocko, Martin"]
[Black "Kocak, Branislav"]
[Result "1-0"]
[WhiteElo "2007"]
[BlackElo "1882"]
[PlyCount "63"]
[EventDate "2017.??.??"]

1. d4 Nf6 2. Nf3 e6 3. g3 d5 4. Bg2 c5 5. e3 Bd6 6. O-O O-O 7. b3 cxd4 8. exd4
Nbd7 9. Bb2 a6 10. Nbd2 b6 11. c4 Bb7 12. Ne5 Rc8 13. Rc1 Qe7 14. Qe2 Rfd8 15.
Ndf3 Ba3 16. Bxa3 Qxa3 17. Nxf7 Re8 18. N3e5 Nxe5 19. Nxe5 Qd6 20. Rfd1 a5 21.
Ng4 Qf8 22. Nxf6+ Qxf6 23. Qe5 Qxe5 24. dxe5 Red8 25. cxd5 Rxc1 26. Rxc1 exd5
27. Rc7 Ba8 28. e6 Re8 29. Bf1 Rb8 30. Bb5 d4 31. e7 Kf7 32. e8=Q+ 1-0

[Event "SR 3. liga A2 2017/2018"]
[Site "?"]
[Date "2018.02.18"]
[Round "9.6"]
[White "Kubis, Ivan"]
[Black "Hanzluvka, Peter"]
[Result "1-0"]
[WhiteElo "1918"]
[BlackElo "1870"]
[PlyCount "114"]
[EventDate "2017.??.??"]

1. e4 b6 2. d4 Bb7 3. Bd3 e6 4. Ne2 Nf6 5. Ng3 Bb4+ 6. c3 Be7 7. O-O O-O 8. e5
Ne8 9. Nd2 d5 10. f4 Ba6 11. Bxa6 Nxa6 12. Qe2 Qc8 13. f5 Bd8 14. b3 Rb8 15.
Ba3 c5 16. fxe6 fxe6 17. Rxf8+ Kxf8 18. Rf1+ Ke7 19. Qh5 Kd7 20. Rf7+ Be7 21.
Qxh7 Rb7 22. Nh5 Kc6 23. Nxg7 Bg5 24. Nxe8 Rxf7 25. Qxf7 Bxd2 26. Nd6 Qd7 27.
Qxd7+ Kxd7 28. Bb2 cxd4 29. cxd4 Nb4 30. a3 Be3+ 31. Kf1 Nc6 32. Ke2 Bg1 33. h4
Nxd4+ 34. Kf1 Be3 35. b4 Nc6 36. b5 Ne7 37. Ke2 Bf4 38. h5 Ng8 39. Kf3 Bg5 40.
Nf7 Bd2 41. g4 Ke7 42. Nd6 Kd7 43. Bd4 Nh6 44. a4 Bc1 45. Bf2 Bb2 46. Bg3 Ke7
47. Nc8+ Kd7 48. Nxa7 Nf7 49. Nc6 Ng5+ 50. Ke3 Ne4 51. Bh4 Bc1+ 52. Kf3 Nd2+
53. Ke2 Ne4 54. Kd3 Bf4 55. Bd8 Nc5+ 56. Kc2 d4 57. Bxb6 d3+ 1-0

[Event "SR 3. liga A2 2017/2018"]
[Site "?"]
[Date "2018.02.18"]
[Round "9.6"]
[White "Ulehla, Jakub"]
[Black "Zajicek, Ferdinand"]
[Result "1-0"]
[WhiteElo "1785"]
[BlackElo "1764"]
[PlyCount "109"]
[EventDate "2017.??.??"]

1. e4 c5 2. Nf3 d6 3. d4 cxd4 4. Nxd4 Nf6 5. Nc3 g6 6. Be3 Bg7 7. f3 O-O 8. Bc4
Nc6 9. Qd2 Bd7 10. O-O-O a6 11. a3 Rc8 12. Bb3 Na5 13. g4 Nxb3+ 14. Nxb3 Be6
15. Nd4 Qa5 16. h4 Rc7 17. Bh6 Rfc8 18. Bxg7 Kxg7 19. Nde2 Bc4 20. h5 Bxe2 21.
Qxe2 Rxc3 22. bxc3 Rxc3 23. Rd3 b5 24. Qe3 Qxa3+ 25. Kd2 Rxd3+ 26. Qxd3 Qxd3+
27. cxd3 gxh5 28. gxh5 Nd7 29. d4 e5 30. Kd3 Kh6 31. Rc1 exd4 32. Kxd4 Ne5 33.
f4 Nc4 34. Ra1 a5 35. f5 a4 36. Kc3 Kxh5 37. Rh1+ Kg5 38. Rxh7 Ne5 39. Rh2 Kf4
40. Re2 Kf3 41. Re1 b4+ 42. Kc2 Nc4 43. Kd3 Nb6 44. Kc2 Kf2 45. Rd1 Nc4 46. Rd4
Na3+ 47. Kb2 Nb5 48. Rxb4 Nc7 49. Rxa4 Ke3 50. Ra7 Nb5 51. Rxf7 Kxe4 52. Rb7
Nd4 53. f6 Kf5 54. f7 Ne6 55. Rb8 1-0

[Event "SR 3. liga A2 2017/2018"]
[Site "?"]
[Date "2018.02.18"]
[Round "9.6"]
[White "Takacs, Zsolt"]
[Black "Trojkova, Michaela"]
[Result "1/2-1/2"]
[WhiteElo "1780"]
[BlackElo "1679"]
[PlyCount "34"]
[EventDate "2017.??.??"]

1. e4 c5 2. Nf3 Nc6 3. d4 cxd4 4. Nxd4 g6 5. Nc3 Bg7 6. Nxc6 bxc6 7. Bc4 Qa5 8.
Bd2 Qb4 9. Bd3 Qxb2 10. Rb1 Qa3 11. Rb3 Qd6 12. O-O Nf6 13. Re1 Qc7 14. Qe2 O-O
15. Reb1 d6 16. Ba6 Bxa6 17. Qxa6 Rfb8 1/2-1/2

[Event "SR 3. liga A2 2017/2018"]
[Site "?"]
[Date "2018.02.18"]
[Round "9.6"]
[White "Sadlon, Matus"]
[Black "Kastler, Peter"]
[Result "0-1"]
[WhiteElo "1695"]
[BlackElo "1757"]
[PlyCount "72"]
[EventDate "2017.??.??"]

1. e4 e6 2. d4 d5 3. exd5 exd5 4. Bd3 Nf6 5. f3 Be7 6. Ne2 O-O 7. Nd2 b6 8. Nf1
Ba6 9. Nfg3 Bxd3 10. Qxd3 Re8 11. Bf4 Bd6 12. O-O-O Nc6 13. c3 Ne7 14. Rde1 Ng6
15. Bg5 h6 16. Bd2 Rc8 17. Nf5 c6 18. g4 Qc7 19. h4 Nf4 20. Nxf4 Bxf4 21. h5
Nh7 22. Re2 Bxd2+ 23. Qxd2 Ng5 24. Rf1 Kf8 25. f4 Rxe2 26. Qxe2 Re8 27. Qxe8+
Kxe8 28. fxg5 Qh2 29. Nxg7+ Kf8 30. gxh6 Qe2 31. Rf6 Ke7 32. Nf5+ Kxf6 33. h7
Qe8 34. Kd2 Qh8 35. Ke3 Kg5 36. Kf3 Qxh7 0-1

[Event "SR 3. liga A2 2017/2018"]
[Site "?"]
[Date "2018.02.18"]
[Round "9.6"]
[White "Mraz, Jan"]
[Black "Celustkova, Lubica"]
[Result "0-1"]
[WhiteElo "1623"]
[BlackElo "1710"]
[PlyCount "54"]
[EventDate "2017.??.??"]

1. d4 f5 2. c4 Nf6 3. Nc3 g6 4. e3 Bg7 5. Nf3 d6 6. Bd3 O-O 7. O-O Qe8 8. Re1
e5 9. dxe5 dxe5 10. e4 f4 11. g3 fxg3 12. hxg3 Bg4 13. Be2 c6 14. Kg2 Na6 15.
Rh1 Nc5 16. Ng5 Rd8 17. Qc2 Bxe2 18. Qxe2 Ne6 19. b3 Nd4 20. Qb2 h6 21. Nf3 Ng4
22. Nd2 Rxf2+ 23. Kg1 Qf8 24. Qa3 Rf1+ 25. Kg2 Qf2+ 26. Kh3 Rxh1+ 27. Kxg4 h5+
0-1

[Event "SR 3. liga A2 2017/2018"]
[Site "?"]
[Date "2018.03.04"]
[Round "10.1"]
[White "Sosna, Jan"]
[Black "Danada, Ondrej"]
[Result "1-0"]
[WhiteElo "2350"]
[BlackElo "1855"]
[PlyCount "53"]
[EventDate "2017.??.??"]

1. d4 Nf6 2. Nf3 e6 3. Bg5 c5 4. e3 Qb6 5. Qc1 Ne4 6. Bf4 Nc6 7. c3 Be7 8. Bd3
f5 9. Nbd2 d5 10. O-O g5 11. Bxe4 gxf4 12. Bc2 fxe3 13. fxe3 f4 14. exf4 cxd4
15. cxd4 Nxd4 16. Nxd4 Qxd4+ 17. Kh1 Bd6 18. Qd1 h5 19. f5 Qg4 20. Nf3 h4 21.
h3 Qg3 22. Qe2 Bd7 23. fxe6 Bc6 24. Qe1 Qf4 25. Qd2 Qg3 26. Qg5 d4 27. Bg6+ 1-0

[Event "SR 3. liga A2 2017/2018"]
[Site "?"]
[Date "2018.03.04"]
[Round "10.1"]
[White "Brunovsky, Peter"]
[Black "Koutny, Petr"]
[Result "0-1"]
[WhiteElo "1835"]
[BlackElo "2168"]
[PlyCount "84"]
[EventDate "2017.??.??"]

1. c4 Nf6 2. Nc3 d5 3. cxd5 Nxd5 4. g3 g6 5. Bg2 Nb6 6. Nf3 Bg7 7. O-O O-O 8.
d3 Nc6 9. Be3 Re8 10. Qd2 a5 11. Rac1 Nb4 12. Rfd1 c6 13. h3 N6d5 14. Nxd5 cxd5
15. a3 Nc6 16. d4 a4 17. Qc3 Na5 18. Qc7 Nc4 19. Qxd8 Rxd8 20. Nd2 Nxb2 21. Re1
Be6 22. Rc7 b5 23. Rb1 Nc4 24. Rxb5 Nxa3 25. Rbb7 Nc4 26. Nxc4 dxc4 27. Ra7
Rxa7 28. Rxa7 Bxd4 29. Bxd4 Rxd4 30. Rxa4 Rd1+ 31. Kh2 Rd2 32. Bf3 Kg7 33. Ra3
Kf6 34. Kg2 Ke5 35. e3 Kd6 36. Ra6+ Kc5 37. Rc6+ Kb4 38. Rc7 c3 39. Rb7+ Ka3
40. Ra7+ Kb2 41. Rxe7 c2 42. Rb7+ Bb3 0-1

[Event "SR 3. liga A2 2017/2018"]
[Site "?"]
[Date "2018.03.04"]
[Round "10.1"]
[White "Stanec, Stanislav"]
[Black "Jozefovic, Milan"]
[Result "1-0"]
[WhiteElo "2007"]
[BlackElo "1826"]
[PlyCount "95"]
[EventDate "2017.??.??"]

1. d4 d5 2. Nf3 Nf6 3. e3 e6 4. Bd3 Bd6 5. Nbd2 Nc6 6. c3 a6 7. O-O Bd7 8. e4
dxe4 9. Nxe4 Nxe4 10. Bxe4 O-O 11. Re1 Rb8 12. Ng5 h6 13. Nf3 Qf6 14. Bc2 Rbd8
15. Qd3 Qf5 16. Re4 Qh7 17. Qe2 f5 18. Rh4 Qg6 19. Bd2 Rf6 20. Re1 Re8 21. Ne5
Bxe5 22. dxe5 Rf7 23. Rh3 Qh7 24. Qh5 g6 25. Qxh6 Qxh6 26. Rxh6 Kg7 27. Rh3 Ne7
28. Bg5 Ng8 29. Bb3 Bc6 30. f4 Rd7 31. Rd1 Rxd1+ 32. Bxd1 Rf8 33. Rd3 Rf7 34.
Bb3 Rd7 35. Rxd7+ Bxd7 36. Bd8 c6 37. Kf2 Kf7 38. Ke3 Ke8 39. Bg5 Ne7 40. Bxe7
Kxe7 41. Bd1 c5 42. Bf3 b6 43. Kd3 b5 44. b4 cxb4 45. cxb4 Bc8 46. Kd4 Kd7 47.
Kc5 Kc7 48. Bc6 1-0

[Event "SR 3. liga A2 2017/2018"]
[Site "?"]
[Date "2018.03.04"]
[Round "10.1"]
[White "Kubis, Ivan"]
[Black "Hudacek, Josef"]
[Result "1/2-1/2"]
[WhiteElo "1932"]
[BlackElo "2061"]
[PlyCount "147"]
[EventDate "2017.??.??"]

1. e4 b6 2. d4 Bb7 3. Bd3 e6 4. Ne2 Nf6 5. Ng3 c5 6. c3 Be7 7. O-O Ba6 8. Bxa6
Nxa6 9. e5 Ng8 10. f4 f5 11. Be3 Nc7 12. c4 d5 13. b3 cxd4 14. Bxd4 dxc4 15.
bxc4 Qxd4+ 16. Qxd4 Bc5 17. Qxc5 bxc5 18. Nc3 Ne7 19. Rab1 Nc6 20. Rb7 O-O-O
21. Rfb1 Rd4 22. Rxc7+ Kxc7 23. Nb5+ Kc8 24. Nxd4 Nxd4 25. Kf2 Kc7 26. Rb2 Rd8
27. h3 g6 28. Ke3 a6 29. Kf2 Nc6 30. Ne2 Nb4 31. Kg3 Rd3+ 32. Kh4 h6 33. g4 Nc6
34. gxf5 exf5 35. Rb3 Rd2 36. Nc3 Ne7 37. Ra3 Rd4 38. Rxa6 Rxf4+ 39. Kg3 Rxc4
40. Nb5+ Kd7 41. e6+ Kd8 42. Ra8+ Nc8 43. Rxc8+ Kxc8 44. Nd6+ Kd8 45. Nxc4 Ke7
46. a4 Kxe6 47. a5 Kd5 48. Kf4 Kc6 49. h4 Kb5 50. Ke5 Ka6 51. h5 gxh5 52. Kxf5
Kb5 53. Kf4 Ka6 54. Kg3 Kb5 55. Kh4 Kxc4 56. a6 Kd3 57. a7 c4 58. a8=Q c3 59.
Qd5+ Kc2 60. Qa2+ Kd3 61. Kg3 c2 62. Qb3+ Kd2 63. Qb2 h4+ 64. Kxh4 h5 65. Kg3
h4+ 66. Kxh4 Kd1 67. Qb3 Kd2 68. Qb2 Kd1 69. Qd4+ Kc1 70. Kg3 Kb1 71. Qb4+ Ka1
72. Qc3+ Kb1 73. Qb3+ Ka1 74. Qxc2 1/2-1/2

[Event "SR 3. liga A2 2017/2018"]
[Site "?"]
[Date "2018.03.04"]
[Round "10.1"]
[White "Vogl, Zdenek"]
[Black "Kastler, Peter"]
[Result "0-1"]
[WhiteElo "1903"]
[BlackElo "1740"]
[PlyCount "120"]
[EventDate "2017.??.??"]

1. e4 e6 2. d4 d5 3. e5 c5 4. Bb5+ Nc6 5. Ne2 Qb6 6. Nbc3 cxd4 7. Nxd4 Bc5 8.
Na4 Qa5+ 9. Bd2 Bb4 10. c3 Be7 11. Bxc6+ bxc6 12. Nxc6 Qb5 13. Nd4 Qa6 14. b3
Bd7 15. Nb2 Bc5 16. b4 Bb6 17. a4 Ne7 18. b5 Qb7 19. O-O O-O 20. Nd3 Ng6 21.
Kh1 Rfc8 22. f4 Ne7 23. Nf2 Bxd4 24. cxd4 Nf5 25. g4 Nxd4 26. Rc1 Rxc1 27. Bxc1
Nxb5 28. axb5 Bxb5 29. Re1 Bc6 30. h3 a5 31. Ba3 a4 32. Qc2 Rc8 33. Qb2 Qa6 34.
Rc1 h6 35. Kh2 Qa7 36. Bc5 Qa5 37. Qb4 Qa6 38. Qd2 Bb5 39. Ba3 Rxc1 40. Qxc1
Bc4 41. Nd1 Qa7 42. Ne3 Bb3 43. f5 Qd4 44. Bb2 Qf4+ 45. Kg1 Qg3+ 46. Ng2 Qxh3
47. Qf4 Qd3 48. fxe6 fxe6 49. Ba3 Bc4 50. Qe3 Qd1+ 51. Kh2 Qxg4 52. Nf4 g5 53.
Nh3 Bf1 54. Qg3 Qxh3+ 55. Qxh3 Bxh3 56. Kxh3 h5 57. Kg3 Kf7 58. Kf3 Kg6 59. Bb2
Kf5 60. Kg3 Ke4 0-1

[Event "SR 3. liga A2 2017/2018"]
[Site "?"]
[Date "2018.03.04"]
[Round "10.1"]
[White "Kanka, Tomas"]
[Black "Londin, Martin"]
[Result "1/2-1/2"]
[WhiteElo "1703"]
[BlackElo "1944"]
[PlyCount "63"]
[EventDate "2017.??.??"]

1. e4 b6 2. d4 Bb7 3. Bd3 Nf6 4. Qe2 e6 5. c3 c5 6. Nf3 d5 7. e5 Ne4 8. Nbd2
Nxd2 9. Bxd2 Be7 10. O-O Nc6 11. Rac1 a5 12. a3 c4 13. Bc2 a4 14. h3 b5 15. Be1
Kd7 16. Nd2 g6 17. f4 h5 18. Nf3 h4 19. Bd2 Qg8 20. Kh1 Bd8 21. Nh2 Ne7 22. Qg4
Nf5 23. Bxf5 gxf5 24. Qxg8 Rxg8 25. Rf2 Be7 26. Nf1 Rg7 27. Ne3 Rag8 28. Rg1
Bc6 29. Nc2 Rg3 30. Ne1 Kd8 31. Rf3 R3g6 32. Nc2 1/2-1/2